[Event "Cammeray Norths CC op"]
[Site "Cammeray"]
[Date "2010.01.07"]
[Round "5"]
[White "Beare, Nick"]
[Black "Hannagan, Peter"]
[Result "0-1"]
[WhiteElo "1274"]
[BlackElo "1375"]
[PlyCount "117"]
[EventDate "2010.01.02"]
[EventType "swiss"]
[EventRounds "7"]
[EventCountry "AUS"]
[SourceTitle "EXT 2011"]
[Source "ChessBase"]
[SourceDate "2010.11.26"]
[SourceVersion "1"]
[SourceVersionDate "2010.11.26"]
[SourceQuality "1"]

1. e4 e5 2. Nf3 Nc6 3. c3 d5 4. Qa4 dxe4 5. Nxe5 Qd5 6. Nxc6 bxc6 7. Bc4 Qc5 8.
d4 exd3 9. Bxd3 Bd7 10. Be3 Qd5 11. Be4 Qe6 12. Qc2 Nf6 13. Bf3 Bc5 14. O-O Be7
15. Nd2 O-O 16. Rfe1 Nd5 17. Bc5 Qf6 18. Bxe7 Nxe7 19. Rad1 Nd5 20. Ne4 Qg6 21.
Qc1 Bg4 22. Bxg4 Qxg4 23. Qg5 Qxg5 24. Nxg5 Rae8 25. Nf3 Rxe1+ 26. Rxe1 f6 27.
Nd4 c5 28. Ne6 Re8 29. Kf1 c4 30. Nd4 Rxe1+ 31. Kxe1 Nf4 32. Nb5 Nd3+ 33. Kd2
Nxb2 34. Nxa7 Kf7 35. Nb5 Na4 36. Na3 Nb6 37. Ke3 c5 38. Nb1 Ke6 39. f4 f5 40.
a3 Kd5 41. h3 h6 42. h4 h5 43. Nd2 Kc6 44. Nb1 Kb5 45. Kd2 Ka4 46. Kc2 Nd5 47.
g3 Ne3+ 48. Kb2 Nf1 49. Kc2 Nxg3 50. Nd2 Ne2 51. Nxc4 Nxf4 52. Ne3 g6 53. Kd2
Kxa3 54. Nc4+ Ka4 55. Ne5 Kb3 56. Ke3 Ng2+ 57. Kf3 Nxh4+ 58. Kg3 g5 59. Nf7 0-1

[Event "AUS-ch Minor"]
[Site "Cammeray"]
[Date "2010.01.06"]
[Round "4"]
[White "Stahnke, Axel"]
[Black "Beahan, Patrick"]
[Result "0-1"]
[WhiteElo "1400"]
[BlackElo "1210"]
[PlyCount "54"]
[EventDate "2010.01.02"]
[EventType "swiss"]
[EventRounds "11"]
[EventCountry "AUS"]
[SourceTitle "EXT 2011"]
[Source "ChessBase"]
[SourceDate "2010.11.26"]
[SourceVersion "1"]
[SourceVersionDate "2010.11.26"]
[SourceQuality "1"]

1. e4 e5 2. Nf3 Nc6 3. c3 Bc5 4. Bd3 Nf6 5. b4 Bb6 6. b5 Ne7 7. Nxe5 d5 8. Qf3
O-O 9. Bc2 Ng6 10. Nxg6 fxg6 11. O-O Nxe4 12. Qe2 Nxf2 13. d4 Ng4 14. Rxf8+
Qxf8 15. Bb3 c6 16. Ba3 Qf7 17. Nd2 Bf5 18. Re1 Bc7 19. h3 Nf6 20. g4 Re8 21.
Qf1 Be4 22. bxc6 bxc6 23. g5 Bh2+ 24. Kf2 Ng4+ 25. Ke2 Bg2+ 26. Kd1 Bxf1 27.
Rxf1 Ne3+ 0-1

[Event "Volgograd Christmas op"]
[Site "Volgograd"]
[Date "2010.01.05"]
[Round "3"]
[White "Nosov, Andrey"]
[Black "Kuliev, Sergey"]
[Result "1-0"]
[WhiteElo "2323"]
[BlackElo "2151"]
[PlyCount "66"]
[EventDate "2010.01.03"]
[EventType "swiss"]
[EventRounds "9"]
[EventCountry "RUS"]
[SourceTitle "CBM 134 Extra"]
[Source "ChessBase"]
[SourceDate "2010.03.03"]
[SourceVersion "1"]
[SourceVersionDate "2010.03.03"]
[SourceQuality "1"]

1. e4 e5 2. Nf3 Nc6 3. c3 f5 4. d3 d6 5. Nbd2 Nf6 6. Qb3 Qd7 7. Be2 Qf7 8.
Qxf7+ Kxf7 9. Bd1 fxe4 10. Bb3+ Ke7 11. dxe4 Be6 12. Bc2 g6 13. Nf1 Bg7 14. Ne3
Raf8 15. Nd2 Bh6 16. Ndf1 Ng4 17. f3 Nxe3 18. Nxe3 Bf4 19. Ke2 Rf7 20. b3 Rhf8
21. Bb2 h5 22. Nd5+ Kd8 23. Rad1 Bh6 24. c4 Bxd5 25. exd5 Ne7 26. c5 g5 27.
cxd6 cxd6 28. Ba3 Kd7 29. Be4 Nf5 30. Bb2 Nh4 31. Rhg1 g4 32. Rdf1 gxf3+ 33.
gxf3 Bf4 1-0

[Event "Niedersachsen-ch open"]
[Site "Verden"]
[Date "2010.01.04"]
[Round "3.48"]
[White "Zucker, Stefan"]
[Black "Oberbacher, Michael"]
[Result "1/2-1/2"]
[WhiteElo "2015"]
[BlackElo "1299"]
[PlyCount "42"]
[EventDate "2010.01.03"]
[EventType "swiss"]
[EventRounds "7"]
[EventCountry "GER"]
[SourceTitle "EXT 2012"]
[Source "ChessBase"]
[SourceDate "2011.11.24"]
[SourceVersion "1"]
[SourceVersionDate "2011.11.24"]
[SourceQuality "1"]

1. e4 e5 2. Nf3 Nc6 3. c3 d5 4. Qa4 Qd6 5. exd5 Qxd5 6. Bc4 Qe4+ 7. Kd1 Qg4 8.
Re1 Bd7 9. Bb5 Qxa4+ 10. Bxa4 f6 11. d4 O-O-O 12. d5 Na5 13. Bc2 Bb5 14. Bf5+
Kb8 15. Be6 Ne7 16. Kc2 Be8 17. c4 Nxc4 18. Nc3 c6 19. b3 Bg6+ 20. Kd1 Nb6 21.
Ke2 Nbxd5 1/2-1/2

[Event "Kimry-ch"]
[Site "Kimry"]
[Date "2010.01.03"]
[Round "3"]
[White "Danilov, Alexander"]
[Black "Loev, Dmitrii"]
[Result "0-1"]
[WhiteElo "1906"]
[BlackElo "1534"]
[PlyCount "88"]
[EventDate "2010.01.02"]
[EventType "swiss"]
[EventRounds "9"]
[EventCountry "RUS"]
[SourceTitle "CBM 134 Extra"]
[Source "ChessBase"]
[SourceDate "2010.03.03"]
[SourceVersion "1"]
[SourceVersionDate "2010.03.03"]
[SourceQuality "1"]

1. e4 e5 2. Nf3 Nc6 3. c3 Bc5 4. d4 exd4 5. cxd4 Bb4+ 6. Nc3 Nf6 7. Bd3 d6 8.
Bg5 h6 9. Bf4 Bg4 10. Be3 Qe7 11. Qc2 a6 12. h3 Bxf3 13. gxf3 Ba5 14. Rg1 g5
15. Qb3 b5 16. Ke2 b4 17. Nd5 Qe6 18. Rac1 Nxd5 19. exd5 Nxd4+ 20. Kf1 Qxh3+
21. Ke1 Nxb3 22. axb3 Qxf3 23. Bc4 Bb6 24. Rg3 Qh1+ 25. Ke2 Qh5+ 26. Kd2 Bxe3+
27. Rxe3+ Kd7 28. Be2 g4 29. Rc4 Qxd5+ 30. Rd3 Qg5+ 31. Kc2 h5 32. Rxb4 Qc5+
33. Rc4 Qxf2 34. Rd2 Qf6 35. Rdd4 Qf5+ 36. Bd3 Qf2+ 37. Kb1 g3 38. Rf4 Qe1+ 39.
Rc1 Qe3 40. Rxf7+ Kd8 41. Bf5 Qe8 42. Rcxc7 Qe1+ 43. Ka2 Qa5+ 44. Kb1 Qxc7 0-1

[Event "FICS rated standard game"]
[Site "FICS freechess.org"]
[Date "2010.01.02"]
[Round "?"]
[White "dsidious"]
[Black "alfagonzalo"]
[Result "0-1"]
[WhiteElo "2028"]
[BlackElo "2000"]
[PlyCount "66"]
[EventDate "2010.??.??"]
[SourceTitle "OM Portal C 201906"]
[Source "Opening Master"]
[SourceDate "2019.06.27"]
[SourceVersion "1"]
[SourceVersionDate "2019.06.27"]
[SourceQuality "1"]

1. e4 e5 2. Nf3 Nc6 3. c3 Nf6 4. d4 Nxe4 5. d5 Ne7 6. Nxe5 Ng6 7. Qd4 Qf6 8.
Qxe4 Qxe5 9. Bd3 Qxe4+ 10. Bxe4 Bc5 11. O-O O-O 12. a4 a5 13. Nd2 d6 14. Nb3
Bb6 15. Re1 Re8 16. Bd2 Bd7 17. g3 f5 18. Bg2 Rxe1+ 19. Bxe1 Ne5 20. Nd4 Nd3
21. b3 Re8 22. Bd2 Nc5 23. Rc1 Kf7 24. Kf1 Kf6 25. h4 g6 26. Be3 Ne4 27. Bf3
Nxg3+ 28. Kg2 Ne4 29. Be2 Kf7 30. f3 Nf6 31. Kf2 Nxd5 32. Bc4 Be6 33. Nxe6
Bxe3+ 0-1

[Event "Bialystok Zamenhof Memorial"]
[Site "Bialystok"]
[Date "2010.??.??"]
[Round "9"]
[White "Dubrawski, Janusz"]
[Black "Sieklucki, Adam"]
[Result "0-1"]
[WhiteElo "1857"]
[BlackElo "1818"]
[PlyCount "66"]
[EventDate "2010.12.27"]
[EventType "swiss"]
[EventRounds "9"]
[EventCountry "POL"]
[SourceTitle "CBM 140 Extra"]
[Source "ChessBase"]
[SourceDate "2011.03.01"]
[SourceVersion "1"]
[SourceVersionDate "2011.03.01"]
[SourceQuality "1"]

1. e4 e5 2. Nf3 Nc6 3. c3 d5 4. Qa4 Bd7 5. exd5 Nd4 6. Qd1 Nxf3+ 7. Qxf3 Nf6 8.
Bc4 Bd6 9. d3 e4 10. dxe4 Qe7 11. Bf4 Nxe4 12. O-O O-O-O 13. Bxd6 Nxd6 14. Bd3
Rde8 15. c4 h5 16. Nc3 Bg4 17. Qg3 f5 18. c5 h4 19. Qf4 Nf7 20. Bxf5+ Bxf5 21.
Qxf5+ Kb8 22. b4 Ne5 23. Nb5 Rhf8 24. Qc2 Qg5 25. f4 Rxf4 26. Rxf4 Qxf4 27. Rf1
Qxb4 28. Rb1 Ng4 29. Qc1 Qe4 30. h3 Ne3 31. Rb2 Nxd5 32. Rd2 Qe3+ 33. Kh2 Qg3+
0-1

[Event "FRA-ch Accession"]
[Site "Belfort"]
[Date "2010.??.??"]
[Round "6"]
[White "Ribreau, Herve"]
[Black "Ollier, Pablo"]
[Result "1/2-1/2"]
[WhiteElo "2238"]
[BlackElo "2293"]
[PlyCount "29"]
[EventDate "2010.08.09"]
[EventType "swiss"]
[EventRounds "11"]
[EventCountry "FRA"]
[SourceTitle "CBM 138 Extra"]
[Source "ChessBase"]
[SourceDate "2010.10.29"]
[SourceVersion "1"]
[SourceVersionDate "2010.10.29"]
[SourceQuality "1"]

1. e4 e5 2. Nf3 Nc6 3. c3 Nf6 4. d3 d5 5. Nbd2 a5 6. Be2 Be7 7. O-O O-O 8. Re1
h6 9. Qc2 Be6 10. exd5 Qxd5 11. Bf1 Bf5 12. Qb3 Qxb3 13. axb3 Nd7 14. d4 Bf6
15. dxe5 1/2-1/2

[Event "FRA-ch Accession"]
[Site "Belfort"]
[Date "2010.??.??"]
[Round "4"]
[White "Stephan, Victor"]
[Black "Riff, Vincent"]
[Result "1/2-1/2"]
[WhiteElo "2234"]
[BlackElo "2334"]
[PlyCount "42"]
[EventDate "2010.08.09"]
[EventType "swiss"]
[EventRounds "11"]
[EventCountry "FRA"]
[SourceTitle "CBM 138 Extra"]
[Source "ChessBase"]
[SourceDate "2010.10.29"]
[SourceVersion "1"]
[SourceVersionDate "2010.10.29"]
[SourceQuality "1"]

1. e4 e5 2. Nf3 Nc6 3. c3 Nf6 4. Qa4 d6 5. d3 g6 6. Be2 Bg7 7. O-O O-O 8. Bg5
h6 9. Bh4 Qe8 10. Qc2 Nh5 11. Re1 Nf4 12. Bf1 f5 13. exf5 gxf5 14. Nbd2 Qf7 15.
b4 Ng6 16. b5 Nxh4 17. Nxh4 Ne7 18. f4 Qf6 19. Nhf3 Ng6 20. fxe5 dxe5 21. Nc4
e4 1/2-1/2

[Event "Bialystok Zamenhof Memorial"]
[Site "Bialystok"]
[Date "2010.??.??"]
[Round "2"]
[White "Dubrawski, Janusz"]
[Black "Grabowski, Adam"]
[Result "1/2-1/2"]
[WhiteElo "1857"]
[BlackElo "1948"]
[PlyCount "80"]
[EventDate "2010.12.27"]
[EventType "swiss"]
[EventRounds "9"]
[EventCountry "POL"]
[SourceTitle "CBM 140 Extra"]
[Source "ChessBase"]
[SourceDate "2011.03.01"]
[SourceVersion "1"]
[SourceVersionDate "2011.03.01"]
[SourceQuality "1"]

1. e4 e5 2. Nf3 Nc6 3. c3 Nf6 4. d4 exd4 5. e5 Nd5 6. cxd4 Bb4+ 7. Bd2 Bxd2+ 8.
Qxd2 d6 9. Bb5 O-O 10. h3 Nce7 11. Nc3 dxe5 12. Nxe5 Nxc3 13. bxc3 Qd5 14. Bc4
Qxg2 15. O-O-O Ng6 16. Rhg1 Qe4 17. Rde1 Qf5 18. Rg5 Qf6 19. Reg1 Be6 20. Bd3
c5 21. d5 Nxe5 22. Rxg7+ Qxg7 23. Rxg7+ Kxg7 24. Qg5+ Ng6 25. dxe6 fxe6 26. h4
Rad8 27. Be4 Kf7 28. h5 Ne7 29. Bxh7 Ke8 30. Qxc5 Rd5 31. Qxa7 Rxh5 32. Be4 b5
33. Kc2 Kf7 34. Kb3 Kf6 35. Qd7 Re5 36. Qd4 Nf5 37. Qd3 Rc8 38. Bb7 Rb8 39. Be4
Rc8 40. Bb7 Rb8 1/2-1/2

[Event "corr playchess.de"]
[Site "www.playchess.de"]
[Date "2010.??.??"]
[Round "?"]
[White "Kaufmann, Werner"]
[Black "Paglia, Frank"]
[Result "1/2-1/2"]
[WhiteElo "2240"]
[BlackElo "1843"]
[PlyCount "125"]
[EventDate "2010.??.??"]
[EventType "tourn (corr)"]
[SourceTitle "OM Corr 202003"]
[Source "Opening Master"]
[SourceDate "2019.05.30"]
[SourceVersion "2"]
[SourceVersionDate "2019.05.30"]
[SourceQuality "1"]

1. e4 e5 2. Nf3 Nc6 3. c3 d5 4. Qa4 Qd6 5. Bb5 Bd7 6. d4 Nf6 7. exd5 Qxd5 8.
Be3 exd4 9. cxd4 a6 10. Nc3 Bb4 11. Bxc6 Bxc3+ 12. bxc3 Bxc6 13. Qb3 O-O-O 14.
O-O Qxb3 15. axb3 Bxf3 16. gxf3 Nd5 17. c4 Ne7 18. Kg2 Nf5 19. Rfd1 Rhe8 20.
Rd3 h6 21. Ra5 g6 22. b4 Rd6 23. d5 Rf6 24. Bd2 Nd6 25. c5 Nc4 26. Bc3 Rf5 27.
Ra2 Rd8 28. Rd4 Ne5 29. f4 Nd7 30. d6 Nf8 31. b5 Ne6 32. bxa6 Nxd4 33. a7 Kd7
34. Bxd4 Ra8 35. Rb2 Kc6 36. dxc7 Kxc7 37. Be5+ Kc8 38. Ra2 f6 39. Bb8 Rxc5 40.
Kf3 b5 41. Ra6 Kb7 42. Rxf6 Rc6 43. Rxc6 Kxc6 44. h4 Kc5 45. Ke4 b4 46. Kd3 Kd5
47. Kc2 Kc4 48. Kb2 h5 49. Kc2 Kd5 50. Kb3 Kc5 51. Kb2 Kb6 52. Kb3 Ka5 53. Bc7+
Ka6 54. Bb8 Kb5 55. Kb2 Ka4 56. Ka2 b3+ 57. Kb2 Kb4 58. Bd6+ Kb5 59. Bb8 Kc4
60. Kb1 Kc3 61. Be5+ Kd3 62. Bb8 Ke2 63. Kb2 1/2-1/2

[Event "Alicante op 2nd"]
[Site "Alicante"]
[Date "2009.12.30"]
[Round "4"]
[White "O'Neill Y Daneiko, Jose Antonio"]
[Black "Lacrosse, Marc"]
[Result "1/2-1/2"]
[WhiteElo "2084"]
[BlackElo "2228"]
[PlyCount "58"]
[EventDate "2009.12.27"]
[EventType "swiss"]
[EventRounds "9"]
[EventCountry "ESP"]
[SourceTitle "CBM 134 Extra"]
[Source "ChessBase"]
[SourceDate "2010.03.03"]
[SourceVersion "1"]
[SourceVersionDate "2010.03.03"]
[SourceQuality "1"]

1. e4 e5 2. Nf3 Nc6 3. c3 Nf6 4. d4 Nxe4 5. d5 Ne7 6. Nxe5 Ng6 7. Nxg6 hxg6 8.
Bd3 Nf6 9. O-O Bc5 10. Re1+ Kf8 11. Bg5 Rh5 12. Bxf6 gxf6 13. c4 Kg7 14. Nc3
Qh8 15. h3 d6 16. Bf1 Bxh3 17. gxh3 Rxh3 18. Bg2 Qh4 19. Ne4 Rh8 20. Kf1 Rh1+
21. Ke2 Rxe1+ 22. Qxe1 Re8 23. Kf1 Bd4 24. Qd2 Rxe4 25. Bxe4 Qxe4 26. Re1 Qh1+
27. Ke2 Qe4+ 28. Kf1 Qh1+ 29. Ke2 Qe4+ 1/2-1/2

[Event "Tenerife op 20th"]
[Site "Tenerife"]
[Date "2009.12.29"]
[Round "9"]
[White "Henriquez Garcia, David"]
[Black "Marrero Lopez, Agustin"]
[Result "0-1"]
[WhiteElo "2053"]
[BlackElo "1852"]
[PlyCount "94"]
[EventDate "2009.12.19"]
[EventType "swiss"]
[EventRounds "9"]
[EventCountry "ESP"]
[SourceTitle "CBM 134 Extra"]
[Source "ChessBase"]
[SourceDate "2010.03.03"]
[SourceVersion "1"]
[SourceVersionDate "2010.03.03"]
[SourceQuality "1"]

1. e4 Nc6 2. c3 e5 3. Nf3 d6 4. Be2 Nf6 5. d3 Be7 6. O-O O-O 7. Nbd2 b6 8. d4
exd4 9. cxd4 Bb7 10. b3 h6 11. Bb2 Nh7 12. Rc1 Rc8 13. d5 Nb8 14. Nd4 Bf6 15.
Bg4 Nd7 16. Nc4 Re8 17. Nc6 Bxc6 18. dxc6 Nc5 19. Bxc8 Qxc8 20. Bxf6 Nxf6 21.
f3 b5 22. Ne3 Qa6 23. Qc2 Qb6 24. Rf2 Re5 25. b4 Ncxe4 26. fxe4 Qxe3 27. Qd2
Qxe4 28. Rf4 Qg6 29. Rcf1 Rg5 30. Qe2 Re5 31. Qf2 Ne4 32. Qxa7 Nd2 33. Rxf7
Nxf1 34. Rxf1 Re2 35. g3 Qc2 36. Rf2 Rxf2 37. Qxf2 Qxc6 38. Qd2 Qe4 39. Kf2 Kf7
40. a4 bxa4 41. Qa2+ Ke7 42. Qxa4 Qd4+ 43. Kf3 Qd3+ 44. Kg4 g6 45. Kh3 Qf1+ 46.
Kg4 Qf5+ 47. Kh4 Qh5# 0-1

[Event "Marseille op 2nd "]
[Site "Marseille"]
[Date "2009.12.27"]
[Round "4"]
[White "Vallette, Patrick"]
[Black "Tolila, Guy"]
[Result "1-0"]
[WhiteElo "1862"]
[BlackElo "1499"]
[PlyCount "63"]
[EventDate "2009.12.26"]
[EventType "swiss"]
[EventRounds "9"]
[EventCountry "FRA"]
[SourceTitle "CBM 134 Extra"]
[Source "ChessBase"]
[SourceDate "2010.03.03"]
[SourceVersion "1"]
[SourceVersionDate "2010.03.03"]
[SourceQuality "1"]

1. e4 e5 2. Nf3 Nc6 3. c3 a6 4. d4 exd4 5. cxd4 Bb4+ 6. Nc3 Nf6 7. Bd3 O-O 8.
O-O Re8 9. e5 Bxc3 10. bxc3 Nd5 11. Bxh7+ Kf8 12. c4 Nde7 13. d5 Na5 14. Ng5
Nxc4 15. Nxf7 Nxe5 16. Nxd8 Rxd8 17. d6 cxd6 18. Qxd6 Nf7 19. Qg3 d5 20. Re1
Bf5 21. Ba3 Bxh7 22. Bxe7+ Kg8 23. Bf6 g6 24. Bxd8 Rxd8 25. Qc7 b5 26. Re2 Ra8
27. Rae1 Rf8 28. Re8 d4 29. Rxf8+ Kxf8 30. Qc5+ Kg7 31. Qxd4+ Kf8 32. Rc1 1-0

[Event "Warsaw AIG Life rapid 9th"]
[Site "Warsaw"]
[Date "2009.12.20"]
[Round "11"]
[White "Heberla, Bartlomiej"]
[Black "Solys, Laimutis"]
[Result "1-0"]
[WhiteElo "2515"]
[BlackElo "2303"]
[PlyCount "77"]
[EventDate "2009.12.19"]
[EventType "swiss (rapid)"]
[EventRounds "13"]
[EventCountry "POL"]
[SourceTitle "CBM 133 Extra"]
[Source "ChessBase"]
[SourceDate "2010.01.05"]
[SourceVersion "1"]
[SourceVersionDate "2010.01.05"]
[SourceQuality "1"]

1. e4 e5 2. Nf3 Nc6 3. c3 Nf6 4. d4 Nxe4 5. d5 Ne7 6. Nxe5 Ng6 7. Qe2 Nxe5 8.
Qxe4 Qe7 9. Be3 d6 10. Nd2 Bd7 11. h3 f5 12. Qb4 b6 13. O-O-O a5 14. Qd4 Qf7
15. f4 Ng6 16. Be2 Be7 17. g4 Bh4 18. Nf3 O-O-O 19. Nxh4 Nxh4 20. Bf2 Ng6 21.
g5 Rde8 22. Bf3 Re7 23. h4 Rhe8 24. h5 Nf8 25. Rhe1 Rxe1 26. Rxe1 Rxe1+ 27.
Bxe1 Qe7 28. Bf2 Be8 29. Kd2 Nd7 30. b4 axb4 31. cxb4 Nb8 32. Be2 b5 33. Bd3
Qf7 34. Be2 Bd7 35. Bf3 Be8 36. Qa7 Qg8 37. Qa8 Bc6 38. dxc6 Qc4 39. Qb7+ 1-0

[Event "FICS rated standard game"]
[Site "FICS freechess.org"]
[Date "2009.12.19"]
[Round "?"]
[White "jweippp"]
[Black "GnuCheese"]
[Result "0-1"]
[WhiteElo "2057"]
[BlackElo "2310"]
[PlyCount "58"]
[EventDate "2009.??.??"]
[SourceTitle "OM Portal C 201906"]
[Source "Opening Master"]
[SourceDate "2019.06.27"]
[SourceVersion "1"]
[SourceVersionDate "2019.06.27"]
[SourceQuality "1"]

1. e4 e5 2. Nf3 Nc6 3. c3 Nf6 4. d4 Nxe4 5. d5 Nb8 6. Nxe5 Qe7 7. Qd4 d6 8.
Qxe4 Qxe5 9. Qxe5+ dxe5 10. Bd3 Nd7 11. Be3 Bd6 12. Nd2 O-O 13. O-O f5 14. f3
Nf6 15. c4 b6 16. a3 Re8 17. Rae1 a5 18. Bf2 a4 19. Re2 Bd7 20. Rfe1 Rf8 21.
Nb1 e4 22. fxe4 fxe4 23. Bxe4 Ng4 24. Bg3 Bc5+ 25. Kh1 Nf2+ 26. Bxf2 Bxf2 27.
Rd1 Bg4 28. Bf3 Rxf3 29. gxf3 Bxf3# 0-1

[Event "ESP-ch Veterans"]
[Site "Sabadell"]
[Date "2009.12.16"]
[Round "5"]
[White "Garcia Molina, Pablo"]
[Black "Serra Olives, Tomas"]
[Result "0-1"]
[WhiteElo "2022"]
[BlackElo "2143"]
[PlyCount "100"]
[EventDate "2009.12.12"]
[EventType "swiss"]
[EventRounds "7"]
[EventCountry "ESP"]
[SourceTitle "CBM 133 Extra"]
[Source "ChessBase"]
[SourceDate "2010.01.05"]
[SourceVersion "1"]
[SourceVersionDate "2010.01.05"]
[SourceQuality "1"]

1. e4 e5 2. Nf3 Nc6 3. c3 d5 4. Bb5 dxe4 5. Nxe5 Qg5 6. Qa4 Qxg2 7. Bxc6+ bxc6
8. Qxc6+ Kd8 9. Rf1 Bh3 10. Qxa8+ Ke7 11. Kd1 Qxf1+ 12. Kc2 Bf5 13. b3 e3+ 14.
Kb2 e2 15. Nc6+ Kf6 16. Qxf8 e1=Q 17. Na3 Qe4 18. Nd4 Qxf2 19. Qd8+ Kg6 20. Nc4
h6 21. Qxc7 Qfxd4 22. Qg3+ Kh7 23. cxd4 Qxd4+ 24. Qc3 Qd7 25. Ne5 Qe6 26. d4
Nf6 27. Qc4 Nd5 28. Qc6 Rc8 29. Qxe6 Rc2+ 30. Ka3 fxe6 31. Bb2 Rxh2 32. Rc1 Rc2
33. Re1 g5 34. Rh1 Kg7 35. Bc1 Nc3 36. Bb2 Nb5+ 37. Kb4 Rxb2 38. Kxb5 Rxa2 39.
b4 g4 40. Kc5 g3 41. Kd6 g2 42. Rg1 h5 43. Nf3 Be4 44. Ng5 Bd5 45. Nxe6+ Bxe6
46. Kxe6 h4 47. d5 h3 48. d6 Re2+ 49. Kf5 h2 50. d7 hxg1=Q 0-1

[Event "Zadar op-A 16th"]
[Site "Zadar"]
[Date "2009.12.15"]
[Round "4"]
[White "Nikolov, Sasho"]
[Black "Ragger, Markus"]
[Result "0-1"]
[WhiteElo "2410"]
[BlackElo "2565"]
[PlyCount "48"]
[EventDate "2009.12.13"]
[EventType "swiss"]
[EventRounds "9"]
[EventCountry "CRO"]
[SourceTitle "CBM 133 Extra"]
[Source "ChessBase"]
[SourceDate "2010.01.05"]
[SourceVersion "1"]
[SourceVersionDate "2010.01.05"]
[SourceQuality "1"]

1. e4 e5 2. Nf3 Nc6 3. c3 Nf6 4. d4 Nxe4 5. d5 Ne7 6. Nxe5 Ng6 7. Qd4 Qe7 8.
Qxe4 Qxe5 9. Qxe5+ Nxe5 10. Bf4 Bd6 11. Bg3 O-O 12. Be2 f5 13. f3 b6 14. Nd2
Bb7 15. c4 Rae8 16. O-O Bb4 17. Nb3 Ba6 18. Rac1 Ng4 19. fxg4 Rxe2 20. Rxf5
Rxf5 21. gxf5 Rxb2 22. c5 bxc5 23. Be1 Ba3 24. Nxc5 Re2 0-1

[Event "Hessenliga 0910"]
[Site "Germany"]
[Date "2009.12.13"]
[Round "5.5"]
[White "Syed, Tareq"]
[Black "Heindrich, Mark"]
[Result "1-0"]
[WhiteElo "2112"]
[BlackElo "2134"]
[PlyCount "35"]
[EventDate "2009.09.20"]
[EventType "team-tourn"]
[EventRounds "9"]
[EventCountry "GER"]
[SourceTitle "EXT 2011"]
[Source "ChessBase"]
[SourceDate "2010.11.26"]
[SourceVersion "1"]
[SourceVersionDate "2010.11.26"]
[SourceQuality "1"]
[WhiteTeam "Frankfurt BvK II"]
[BlackTeam "Dotzheim"]
[WhiteTeamCountry "GER"]
[BlackTeamCountry "GER"]

1. e4 e5 2. Nf3 Nc6 3. c3 Nf6 4. Qa4 Be7 5. Be2 O-O 6. d3 d5 7. O-O dxe4 8.
dxe4 Bc5 9. Nbd2 Qe7 10. b4 Bd6 11. Qc2 Bg4 12. Nc4 h6 13. Nh4 Bxe2 14. Qxe2
Qe6 15. Nf5 Be7 16. b5 Nb8 17. Nxe7+ Qxe7 18. Ba3 1-0

[Event "Mecklenburg VP LL2 West 0910"]
[Site "Mecklenburg VP"]
[Date "2009.12.13"]
[Round "4.7"]
[White "Behnke, Thomas"]
[Black "Lindner, Thomas"]
[Result "0-1"]
[WhiteElo "1639"]
[BlackElo "1577"]
[PlyCount "84"]
[EventDate "2009.10.18"]
[EventType "team-tourn"]
[EventRounds "9"]
[EventCountry "GER"]
[SourceTitle "EXT 2016"]
[Source "ChessBase"]
[SourceDate "2015.10.10"]
[SourceVersion "1"]
[SourceVersionDate "2015.10.10"]
[SourceQuality "1"]
[WhiteTeam "Kuehlungsborn"]
[BlackTeam "Schwerin SF III"]
[WhiteTeamCountry "GER"]
[BlackTeamCountry "GER"]

1. e4 e5 2. Nf3 Nc6 3. c3 Nf6 4. d4 exd4 5. cxd4 d6 6. Nc3 Bg4 7. Bb5 Bd7 8.
Bg5 Be7 9. O-O O-O 10. Rc1 a6 11. Bd3 h6 12. Be3 Bg4 13. Be2 Re8 14. Nd2 Bxe2
15. Nxe2 Qd7 16. h3 Nh7 17. Ng3 Bf6 18. Qa4 Rac8 19. Ne2 Re7 20. Qb3 Nd8 21.
Rc2 c6 22. Rfc1 Ng5 23. Qd3 Qe8 24. Ng3 Rd7 25. Nc4 Rb8 26. Bf4 Be7 27. Nf5
Nde6 28. Bxd6 Bxd6 29. Ncxd6 Qd8 30. e5 Qa5 31. h4 Nf4 32. Qg3 Nge6 33. Nxh6+
Kh7 34. Nhxf7 Rf8 35. Ng5+ Nxg5 36. Qxg5 Qd5 37. f3 Qxd4+ 38. Kh1 g6 39. Rc4
Qxb2 40. Rxf4 Qxc1+ 41. Kh2 Qxf4+ 42. Qxf4 Rxf4 0-1

[Event "SVK-chT2D 0910"]
[Site "Slovakia"]
[Date "2009.12.12"]
[Round "5.6"]
[White "Pcola, Jaroslav1"]
[Black "Treybal, Dusan"]
[Result "1/2-1/2"]
[WhiteElo "2147"]
[BlackElo "2161"]
[PlyCount "74"]
[EventDate "2009.10.10"]
[EventType "team"]
[EventRounds "11"]
[EventCountry "SVK"]
[SourceTitle "EXT 2011"]
[Source "ChessBase"]
[SourceDate "2010.11.26"]
[SourceVersion "1"]
[SourceVersionDate "2010.11.26"]
[SourceQuality "1"]
[WhiteTeam "Humenne"]
[BlackTeam "Kosice Slavia III"]
[WhiteTeamCountry "SVK"]
[BlackTeamCountry "SVK"]

1. e4 e5 2. Nf3 Nc6 3. c3 f5 4. exf5 e4 5. Nd4 Nf6 6. d3 Nxd4 7. cxd4 d5 8.
dxe4 dxe4 9. Bc4 Bxf5 10. Qb3 Bd6 11. Bg5 Rb8 12. Bf7+ Kf8 13. Nc3 Qe7 14. Bc4
c6 15. a4 h6 16. Bh4 g5 17. Bg3 Kg7 18. O-O h5 19. Ne2 h4 20. Bxd6 Qxd6 21. Qe3
Kh6 22. h3 Bg6 23. Ra3 Rhf8 24. f4 exf3 25. Rxf3 Rbe8 26. Qc1 Bh5 27. Rf5 Ne4
28. Rxf8 Qxf8 29. Re3 Qf2+ 30. Kh2 Bxe2 31. Rxe2 Qxd4 32. Qc2 Re5 33. Bd3 Ng3
34. Bh7 Nf5 35. Bxf5 Qf4+ 36. Kg1 Rxf5 37. Qd1 Re5 1/2-1/2

[Event "FRA-chT2 0910"]
[Site "France"]
[Date "2009.12.12"]
[Round "5.5"]
[White "Montavon, Gerard"]
[Black "Marzolf, Bruno"]
[Result "0-1"]
[WhiteElo "2069"]
[BlackElo "2242"]
[PlyCount "158"]
[EventDate "2009.09.27"]
[EventType "team-tourn"]
[EventRounds "11"]
[EventCountry "FRA"]
[SourceTitle "EXT 2011"]
[Source "ChessBase"]
[SourceDate "2010.11.26"]
[SourceVersion "1"]
[SourceVersionDate "2010.11.26"]
[SourceQuality "1"]

1. e4 e5 2. Nf3 Nc6 3. c3 Nf6 4. d4 Nxe4 5. d5 Nb8 6. Nxe5 Bc5 7. Nd3 Bb6 8.
Qg4 O-O 9. Bh6 Qf6 10. Bxg7 Bxf2+ 11. Kd1 Qxg7 12. Qxe4 Bb6 13. Be2 d6 14. Rf1
f5 15. Qf4 Re8 16. Nd2 Be3 17. Qf3 Na6 18. Nc4 Bh6 19. Kc2 Bd7 20. Rae1 Re4 21.
Nd2 Re3 22. Qf2 Rae8 23. Bh5 Rxe1 24. Rxe1 Rxe1 25. Nxe1 Nc5 26. Nef3 Bb5 27.
Nd4 Bd3+ 28. Kd1 Qg5 29. Qg3 Qxg3 30. hxg3 Na4 31. Be2 Nxb2+ 32. Ke1 Bg7 33.
N2b3 Be4 34. Bf3 Na4 35. Bxe4 fxe4 36. Kd2 Kf7 37. Ne2 Bh6+ 38. Kc2 Kf6 39.
Nbd4 a6 40. Ne6 c6 41. Nd8 cxd5 42. Nxb7 Ke7 43. Nd4 Kd7 44. Nf5 Bf8 45. Ne3
Nb6 46. Na5 Bg7 47. Nb3 Ke6 48. g4 Na4 49. Nd4+ Bxd4 50. cxd4 Nb6 51. Kc3 Nc4
52. Nc2 a5 53. Kb3 e3 54. Ka4 e2 55. Ne1 Kd7 56. Kb3 Kc6 57. Kc3 Kb5 58. Kb3
Nd2+ 59. Kc2 Ne4 60. Kd3 Ng3 61. Ke3 Kc4 62. Nf3 Kc3 63. Kf2 Kb2 64. Kxg3 Kxa2
65. Kf2 Kb2 66. Kxe2 a4 67. Kd2 a3 68. Ne1 a2 69. Nc2 a1=Q 70. Nxa1 Kxa1 71. g5
Kb2 72. Ke3 Kc3 73. g3 Kc4 74. g4 Kc3 75. Kf4 Kxd4 76. g6 hxg6 77. Kg5 Ke5 78.
Kxg6 d4 79. g5 d3 0-1